Világnézet - világkép - szaktudományok
Elmentve itt :
| Szerző: | |
|---|---|
| Adatforrás: | Philobibl |
| Forrásdokumentuma: | Világosság 9 1968/11., 680-681. p. |
| Dokumentumtípus: | Cikk |
| Nyelv: | magyar |
| LEADER | 00294nab a2200097 c 4500 | ||
|---|---|---|---|
| 001 | bibDOK00009302 | ||
| 005 | 20200924120503.7 | ||
| 008 | 060518s1968 xx hun | ||
| 100 | 1 | |a Hronszky Imre | |
| 245 | 1 | 0 | |a Világnézet - világkép - szaktudományok |c Hronszky Imre |
| 773 | 0 | |t Világosság 9 |g 1968/11., 680-681. p. | |